| 000 | 00483nam a2200181 a 4500 | ||
|---|---|---|---|
| 005 | 20231101063620.0 | ||
| 008 | 991125s1977 mx 000 0 spa u | ||
| 020 | _a9681503082 | ||
| 035 | _aUPN01000003240 | ||
| 049 | _aCG | ||
| 050 | 4 |
_aPQ7297 N5 _bA5.6 |
|
| 100 | 1 |
_aNervo, Amado, _d1870-1919 |
|
| 245 | 1 | 0 | _aAntología poética e ideario de Amado Nervo. |
| 260 |
_aMéxico : _bMexicanos Unidos, _c1977. |
||
| 300 | _a158 p. | ||
| 650 | 4 |
_aPoesía mexicana _91273 |
|
| 905 | _aLibro | ||
| 999 |
_c3240 _d3240 |
||